| 000 | 00500nam a2200181 a 4500 | ||
|---|---|---|---|
| 001 | 14328 | ||
| 005 | 20180713202816.0 | ||
| 008 | 140415s1993 000 0 spa d | ||
| 041 | _aspa | ||
| 082 |
_a658.42 _bTHO |
||
| 100 | 1 | _aTHORNE, PAUL | |
| 245 | 1 | 3 | _aEL NUEVO GERENTE GENERAL |
| 260 |
_a[s.l.] : _bMC GRAW HILL, _c1993 |
||
| 300 | _a252 | ||
| 490 | _aMC GRAW HILL DE MANAGEMENT | ||
| 650 | 1 | 4 |
_aADMINISTRACION DE PERSONAL _xEJECUTIVOS |
| 700 | 1 |
_aHOYOS OLIER, ENRIQUE _etr. |
|
| 999 |
_c14328 _d14328 |
||